Míchání nádrží hyperboloidními míchadly

Bibliographic Details
Main Author: Mikeš, Miroslav (Author)
Format: Article
Language:Czech
PhysicalDescription:Obr.
ISBN:8080770433
Subjects:

MARC

LEADER 00000naa a2200000 a 4500
001 vtls010256212
003 SK-MaSNL
005 20260302132532.0
008 11030220s2005 xo o |0||||||||0|||b|cz
015 |a SNBRA2008/03 
035 |a SVKKK000088481 
038 |a SVKKK 
040 |a SVKKK  |b slo  |c SVKKK  |e AACR2 
041 0 |a cze  |b cze 
044 |a xo  |c SK 
080 |a 628.32  |2 1997 
080 |a 628.342  |2 1997 
100 1 |a Mikeš, Miroslav  |4 aut  |9 669174 
245 1 0 |a Míchání nádrží hyperboloidními míchadly  |c Miroslav Mikeš a kol. 
300 |b Obr. 
504 |a Bibliogr. odkazy 
546 |a Res. čes. 
650 0 7 |a čistiarne odpadových vôd  |2 snkbucl  |9 18336 
773 0 |t Rekonštrukcie stokových sietí a čistiarní odpadových vôd : 4. ročník bienálnej konferencie s medzinárodnou účasťou  |d Bratislava : Výskumný ústav vodného hospodárstva, 2005  |g S. 423-431  |z 8080770433 
852 |a SVKKK  |b BIB 
958 |a NB 
999 |c 1313636  |d 1315566